Année d'indépendance des pays africains - Statistiques

Statistiques générales
  • Ce quiz a été pris 41 fois
  • Le résultat moyen est 43 sur 53
Statistiques - réponses
Hint Réponse % Correct
Algerie 1962
97%
Rwanda 1962
97%
Burundi 1962
97%
Ouganda 1962
97%
Tanzanie 1962
97%
Mauritanie 1960
95%
Mali 1960
95%
Sénégal 1960
95%
Togo 1960
95%
Benin 1960
95%
Côte d'Ivoire 1960
95%
Burkina Faso 1960
95%
Niger 1960
95%
Nigeria 1960
95%
Tchad 1960
95%
Republique centrafrique 1960
95%
Somalie 1960
95%
Gabon 1960
95%
République du Congo 1960
95%
République démocratique du Congo 1960
95%
Madagascar 1960
95%
Cameroun 1960/1961 ( parti anglaise)
95%
Malawi 1964
81%
Zambie 1964
81%
Gambie 1965
81%
Zimbabwe 1980
81%
Cap-vert 1975
78%
Angola 1975
78%
Sao-tomé et principes 1975
78%
Mozambique 1975
78%
Comores 1975
78%
Djibouti 1977
78%
Maroc 1956
76%
Tunisie 1956
76%
Ghana 1956
76%
Soudan 1956
76%
Guinée 1958
76%
Botswana 1966
76%
Lesotho 1966
76%
Guinée-équatoriale 1968
76%
Eswatini 1968
76%
Ile Maurice 1968
76%
Guinée Bissau 1973
76%
Seychelles 1976
76%
Sierra leonne 1961
70%
Kenya 1963
70%
Namibie 1990
70%
Libye 1951
68%
Soudan du sud 2011
62%
Erythrée 1952
59%
Afrique du sud 1910
51%
Egypte 1922
49%
Libéria 1847
16%
Aucun quiz correspondant
Distribution des résultats
% des personnes avec chaque résultat
Percentile par nombre de réponses
Votre historique - résultats
Vous n’avez pas pris ce quiz